01607namaa2200421uu 4500001001000000003000600010005001700016006001900033007001500052008004100067020001800108020001800126024003100144040001700175041000800192042000700200072001500207072001500222720002300237245003000260260002700290300003100317336002600348337002600374338003600400506005100436520033200487540006300819546001200882650002000894650003600914653001800950653002000968720002300988720002901011720002901040856011601069doab34302oapen20260305123949.0m o d cr|mn|---annan210210s2018 xx |||||o ||| 0|eng d a9780429489877 a97811387165757 a10.4324/97804294898772doi aoapencoapen0 aeng adc 7aJP2bicssc 7aNH2bicssc1 aOinam, Bhagat4edt00aNortheast IndiabA Reader bTaylor & Francisc2018 a1 online resource (490 p.) atextbtxt2rdacontent acomputerbc2rdamedia aonline resourcebcr2rdacarrier0 aFree-to-readfUnrestricted online access2star aNortheast India is a multifaceted and dynamic region that is constantly in focus because of its fragile political landscape characterized by endemic violence and conflicts. One of the first of its kind, this reader on Northeast India examines myriad aspects of the region - its people and its linguistic and cultural diversity. aAll rights reserveduhttp://oapen.org/content/about-rights aEnglish 7aHistory2bicssc 7aPolitics and government2bicssc aAsian Studies aNortheast India1 aOinam, Bhagat4oth1 aSadokpam, Dhiren A.4edt1 aSadokpam, Dhiren A.4oth40uhttps://directory.doabooks.org/handle/20.500.12854/3430270zFree-to-read: DOAB: description of the publication